<?xml version="1.0" encoding="UTF-8"?>
<record
    xmlns:xsi="http://www.w3.org/2001/XMLSchema-instance"
    xsi:schemaLocation="http://www.loc.gov/MARC21/slim http://www.loc.gov/standards/marcxml/schema/MARC21slim.xsd"
    xmlns="http://www.loc.gov/MARC21/slim">

  <leader>00552nam a22001095a 4500</leader>
  <datafield tag="040" ind1=" " ind2=" ">
    <subfield code="c">DLC</subfield>
  </datafield>
  <datafield tag="082" ind1=" " ind2=" ">
    <subfield code="a">630 INS 1980 A054 Or.</subfield>
  </datafield>
  <datafield tag="245" ind1="1" ind2="2">
    <subfield code="a">A summary of the recommendations made at the Conference on the Communication Responsibilities of the International Agricultural Research Centers :</subfield>
    <subfield code="b">jointly sponsored and published by the Agricultural Development Council, Inc. and the International Rice Research Institute.</subfield>
  </datafield>
  <datafield tag="260" ind1=" " ind2=" ">
    <subfield code="a">Los Ba&#xF1;os, Laguna, Philippines :</subfield>
    <subfield code="b">The Institute,</subfield>
    <subfield code="c">1980.</subfield>
  </datafield>
  <datafield tag="300" ind1=" " ind2=" ">
    <subfield code="a">vii, 35, [6] p. of plates : ill. ; 26 cm.</subfield>
  </datafield>
  <datafield tag="942" ind1=" " ind2=" ">
    <subfield code="c">EK</subfield>
  </datafield>
  <datafield tag="999" ind1=" " ind2=" ">
    <subfield code="c">15080</subfield>
    <subfield code="d">15080</subfield>
  </datafield>
  <datafield tag="952" ind1=" " ind2=" ">
    <subfield code="0">0</subfield>
    <subfield code="1">0</subfield>
    <subfield code="4">0</subfield>
    <subfield code="6">630_000000000000000_INS_1980_A054_OR</subfield>
    <subfield code="7">0</subfield>
    <subfield code="9">67816</subfield>
    <subfield code="a">LBA</subfield>
    <subfield code="b">LBA</subfield>
    <subfield code="c">A054</subfield>
    <subfield code="d">2017-11-03</subfield>
    <subfield code="l">1</subfield>
    <subfield code="o">630 INS 1980 A054 Or.</subfield>
    <subfield code="p">A06951</subfield>
    <subfield code="r">2019-11-20</subfield>
    <subfield code="s">2019-11-05</subfield>
    <subfield code="w">2017-11-03</subfield>
    <subfield code="y">EK</subfield>
  </datafield>
</record>
